00638nam a2200133Ia 4500008004100000100002500041245012300066245016600189260005300355260000900408300001100417650001500428856006100443170221s9999 xx 000 0 und d aAlexey I. Shinkevich aInnovative Forms of Production Organization in the Context of High-Tech Meso-Economic Systems Sustainable Development  cAlexey I. Shinkevich, Alsu A. Lubnina, Natalia M. Chikisheva, Lyudmila M. Simonova, Elena E. Alenina, Boris B. Khrustalev, Roza Sh. Sadykova, Regina R. Kharisova bInternational Review of Management and Marketing c2016 a6 : 2S xMarketing. uhttp://www.econjournals.com/index.php/irmm/issue/view/71